000 00322nam a2200109Ia 4500
008 171211s9999 xx 000 0 und d
245 _aBuilding a Web Application with PHP and Mariadb
245 _cSai Srinivas Sriparasa
260 _c2014
650 _xSOFTWARE
856 _uhttp://down.ebook777.com/064/9781783981625.pdf
999 _c349287
_d349287